000 01121njm a22002777a 4500
005 20100917153557.0
006 a|||||r|||||00| 0
007 sd ammalaaahaa
008 100907t xxu||||| |||| 00| 0 eng d
028 _a2392945
_bHis Master's Voice
035 _aGR-03307
100 _aVijay Singh
_918693
245 _aPrem-Mohini /
_cby Sudha Vijay Singh; music by Raghunath Seth; lyric by Jagat Guru Kripaluji
_h[Sound recording]
246 _aप्रेम मोहिनी /
260 _aDum Dum, India
_bHis Master's Voice
_c1981
300 _a1 sound disc [Gramophone Recording]
_banalog, 33 1/3rpm ;
_c12 in. (LP)
_fGramaphone Records
500 _aBrief record
500 _aRecord labels : His Master's Voice, Red
505 _aSide-1 (Nand lal pyare yashuda dulare) (Sudha Singh)Side--2 (Vrashbhanu lali gun gaiye) (Vijay Singh)
600 _2Bhosle, Asha
650 _aThumris
_xExcerpts
_zIndia
_918694
700 _920464
_aRaghunath Seth
700 _920465
_aJagaguru Kripaluji
942 _2ddc
_cGR
999 _c46585
_d46585